000 00377nam a2200157Ia 4500
008 210716s1997 xx 000 0 und d
020 _a8170298482
041 _aeng
082 _a005.43 KANY
100 _aKanetkar, Yashavant P.
245 _aTest your unix skills.
250 _a1
260 _aNew Delhi
_bBPB Publications
_c1997
300 _aviii,202
650 _aUnix
999 _c184782
_d184782